000 00607nam a22002177a 4500
003 UA-OsUOA
001 36547
007 ta
008 20060131b un ||||| |||| 00| 0 ukr d
100 _aЛаврієнко Н.
090 _a94(477)
_bЛ11
942 _cSA
040 _aUA-OsUOA
_bukr
_cUA-OsUOA
_dUA-OsUOA
245 _aПід покровом таємниці. Що нам відомо про Максима Залізняка?
300 _aС.8
955 _a0
041 _aukr
080 _a94(477)
773 0 _w36546
650 7 _a9 Географія. Біографії. Історія
_2UDC
999 _c322780
_d322780